Normal view
MARC view
- عقيدة إسلامية- اسئلة وأجوبة
Entry Topical Term
001 - CONTROL NUMBER
- control field: 12859
003 - CONTROL NUMBER IDENTIFIER
- control field: JO-AjAnu
005 - DATE AND TIME OF LATEST TRANSACTION
- control field: 20230606072347.0
008 - FIXED-LENGTH DATA ELEMENTS
- fixed length control field: 230606|| aca||aabn | a|a d
040 ## - CATALOGING SOURCE
- Original cataloging agency: JO-AjAnu
- Transcribing agency: JO-AjAnu
150 ## - HEADING--TOPICAL TERM
- Topical term or geographic name entry element: عقيدة إسلامية- اسئلة وأجوبة
670 ## - SOURCE DATA FOUND
- Source citation: Work cat.: (JO-AjAnu)6618: حكمي،حافظ بن أحمد, author 12858, 200سؤال وجواب في العقيدة الإسلامية